6 olika intryck frän samma bild
Saved in:
| Hovedforfatter: | |
|---|---|
| Format: | Bog |
| Sprog: | svensk |
| Udgivet: |
Estocolmo
Väster Götlands Tryckeri
1988
|
| Fag: | |
| Tags: |
Tilføj Tag
Ingen Tags, Vær først til at tagge denne postø!
|
MARC
| LEADER | 00000nam a2200000 a 4500 | ||
|---|---|---|---|
| 001 | UCV7734 | ||
| 003 | CL-VaPUC | ||
| 008 | 890711e19880000SW |||||||||||||||||swe|d | ||
| 082 | 0 | 4 | |a 667.5 |b HOL |2 21 |
| 100 | |a Holmström, Ralph |e author |9 301870 | ||
| 245 | 1 | 0 | |a 6 olika intryck frän samma bild |
| 300 | |a 18 láminas | ||
| 942 | |c BK | ||
| 945 | |d 19890711 00:00:00 | ||
| 260 | |a Estocolmo |b Väster Götlands Tryckeri |c 1988 | ||
| 650 | 7 | |a CROMOTIPOGRAFIA |2 CL-VaPUC |9 265469 | |
| 583 | |a last modification |c 19890711 00:00:00 |k Rodrigo Vera | ||
| 999 | |c 213371 |d 213369 | ||
| 952 | |0 0 |1 0 |4 0 |6 667_500000000000000_HOL_1988 |7 0 |8 F |9 195696 |a BIBARQ |b BIBARQ |d 2019-11-14 |i 2636964 |o 667.5 HOL 1988 |p 2636964 |r 2025-01-20 |w 2019-11-14 |y BK_F |k ARQ | ||